000 00635nam a2200217Ia 4500
003 OSt
005 20250507142333.0
008 008 250505s9999 xx 000 0 chi d
037 _aAnnuals, Advances
040 _aEASL
_beng
_cEASL
041 _achi
_2eng
084 _aV42:2.N67, K8
_qEASL
100 _aHenderson Dan Fenno Ed.
245 0 _aConstitution of Japan: Its first twenty years, 1947-67
260 _aUSA
_bSeattle University of Washington Press
_c1968
300 _a323p.
365 _b9.50(eacg)
650 _aJEL
942 _cTEXL
_hV42:2.N67, K8
_2CC
_n0
999 _c1320316
_d1320316